Гибридная архитектура параллельных вычислительных систем; Доклады Томского государственного университета систем управления и радиоэлектроники; №. 2 (26), ч. 1

Dettagli Bibliografici
Parent link:Доклады Томского государственного университета систем управления и радиоэлектроники.— 1818-0442
№. 2 (26), ч. 1.— 2012.— [С. 178-183]
Autore principale: Кориков А. М. Анатолий Михайлович
Altri autori: Симонов В. В.
Riassunto:Заглавие с экрана
Предложена гибридная архитектура организации высокопроизводительных параллельных вычислений. На этой основе разработана эффективная с точки зрения быстродействия гибридная параллельная версия функции SSTEBZ из библиотеки LAPACK для поиска собственных чисел трехдиагональных симметричных матриц методом деления отрезков. Использование графического процессора в качестве ускорителя параллельных вычислений позволило обеспечить значительный прирост быстродействия гибридного алгоритма по сравнению со стандартной реализацией. Представленный гибридный параллельный алгоритм обладает вычислительной устойчивостью
Lingua:russo
Pubblicazione: 2012
Serie:Управление, вычислительная техника и информатика
Soggetti:
Accesso online:https://journal.tusur.ru/ru/arhiv/2-1-2012/gibridnaya-arhitektura-parallelnyh-vychislitelnyh-sistem
https://www.elibrary.ru/item.asp?id=18814308
Natura: MixedMaterials Elettronico Capitolo di libro
KOHA link:https://koha.lib.tpu.ru/cgi-bin/koha/opac-detail.pl?biblionumber=636147

MARC

LEADER 00000naa0a2200000 4500
001 636147
005 20251209104809.0
035 |a (RuTPU)RU\TPU\network\28 
090 |a 636147 
100 |a 20131009d2012 k||y0rusy50 ca 
101 0 |a rus 
102 |a RU 
135 |a drgn ---uucaa 
181 0 |a i  
182 0 |a b 
200 1 |a Гибридная архитектура параллельных вычислительных систем  |f А. М. Кориков, В. В. Симонов 
203 |a Текст  |c электронный 
225 1 |a Управление, вычислительная техника и информатика 
300 |a Заглавие с экрана 
320 |a [Библиогр.: с. 182-183 (11 назв.)] 
330 |a Предложена гибридная архитектура организации высокопроизводительных параллельных вычислений. На этой основе разработана эффективная с точки зрения быстродействия гибридная параллельная версия функции SSTEBZ из библиотеки LAPACK для поиска собственных чисел трехдиагональных симметричных матриц методом деления отрезков. Использование графического процессора в качестве ускорителя параллельных вычислений позволило обеспечить значительный прирост быстродействия гибридного алгоритма по сравнению со стандартной реализацией. Представленный гибридный параллельный алгоритм обладает вычислительной устойчивостью 
461 1 |t Доклады Томского государственного университета систем управления и радиоэлектроники  |x 1818-0442 
463 1 |t №. 2 (26), ч. 1  |v [С. 178-183]  |d 2012 
610 1 |a электронный ресурс 
610 1 |a труды учёных ТПУ 
610 1 |a собственные числа 
610 1 |a ускорители 
610 1 |a параллельные вычисления 
610 1 |a параллельные алгоритмы 
610 1 |a гибридные алгоритмы 
610 1 |a гибридные вычисления 
610 1 |a гибридная архитектура 
700 1 |a Кориков  |b А. М.  |c радиофизик, специалист в области информатики и вычислительной техники  |c профессор Томского политехнического университета, доктор технических наук  |c проректор Томского института автоматизированных систем управления и радиоэлектроники (ТИАСУР)  |f 1942-  |g Анатолий Михайлович  |3 (RuTPU)RU\TPU\pers\11852  |9 2980 
701 1 |a Симонов  |b В. В. 
801 2 |a RU  |b 63413507  |c 20140424  |g RCR 
856 4 |u https://journal.tusur.ru/ru/arhiv/2-1-2012/gibridnaya-arhitektura-parallelnyh-vychislitelnyh-sistem  |z https://journal.tusur.ru/ru/arhiv/2-1-2012/gibridnaya-arhitektura-parallelnyh-vychislitelnyh-sistem 
856 4 |u https://www.elibrary.ru/item.asp?id=18814308  |z https://www.elibrary.ru/item.asp?id=18814308 
942 |c CF